Ensayo político sobre el Reino de la Nueva España
Guardado en:
| Autor principal: | |
|---|---|
| Formato: | Libro |
| Lenguaje: | español |
| Publicado: |
Ciudad de México
Porrúa
1978
|
| Edición: | 3a. ed |
| Colección: | Sepan Cuántos, 39
|
| Materias: | |
| Etiquetas: |
Agregar Etiqueta
Sin Etiquetas, Sea el primero en etiquetar este registro!
|
MARC
| LEADER | 00000nam a2200000 a 4500 | ||
|---|---|---|---|
| 001 | UCV7534 | ||
| 003 | CL-VaPUC | ||
| 008 | 880801e19780000MX |||||||||||||||||spa|d | ||
| 082 | 0 | 4 | |a 972 |b HUM |2 21 |
| 100 | 0 | |a Humboldt, Alexander von |e author |9 268688 | |
| 245 | 1 | 0 | |a Ensayo político sobre el Reino de la Nueva España |
| 250 | |a 3a. ed | ||
| 300 | |a 696 p | ||
| 942 | |c BK | ||
| 945 | |d 19880801 00:00:00 | ||
| 260 | |a Ciudad de México |b Porrúa |c 1978 | ||
| 650 | 0 | |a Descripciones y viajes |9 262159 | |
| 651 | 0 | |a México |9 255269 | |
| 583 | |a last modification |c 19880801 00:00:00 |k Rodrigo Vera | ||
| 490 | 0 | |a Sepan Cuántos, 39 | |
| 999 | |c 213193 |d 213191 | ||
| 952 | |0 0 |1 0 |4 0 |6 972_000000000000000_HUM_1978 |7 0 |8 A |9 195313 |a BIBART |b BIBART |d 2019-11-14 |i 2633817 |o 972 HUM 1978 |p 2633817 |r 2025-03-13 |w 2019-11-14 |y BK |k ART | ||
| 952 | |0 0 |1 0 |4 0 |6 972_000000000000000_HUM_1978 |7 0 |8 P |9 195314 |a BIBARQ |b BIBARQ |d 2019-11-14 |i 2633825 |o 972 HUM 1978 |p 2633825 |r 2025-01-20 |w 2019-11-14 |y BK |k ARQ | ||
| 952 | |0 0 |1 0 |4 0 |6 972_000000000000000_HUM_1978 |7 0 |8 P |9 195315 |a BIBARQ |b BIBARQ |d 2019-11-14 |i 3437329 |o 972 HUM 1978 |p 3437329 |r 2025-01-20 |w 2019-11-14 |y BK |k ARQ | ||